| 000 | 01646nam2a22002651 4500 | ||
|---|---|---|---|
| 001 | rc\4099774 | ||
| 005 | 20250611091446.0 | ||
| 021 |
_aRU _b[47-21415] |
||
| 035 | _a(NLR Aleph) 008137915 | ||
| 090 |
_a9465504 _c9465504 |
||
| 100 | _a20130415d1947 |||y0rusy50 ca | ||
| 101 | 0 | _arus | |
| 102 | _aRU | ||
| 105 | _aa z ||||| | ||
| 200 | 1 | _aРазвитие и строение органов | |
| 210 |
_aМосква _d1947 |
||
| 215 |
_a108 с. _cил. |
||
| 300 | _aНа обороте тит. л. указаны авт.: доц. Л.Б. Левинсон, проф. С.И. Кулаев и Е.И. Смирнова | ||
| 461 | 0 |
_1001rc\4099772 _12001#$aГистология с основами эмбриологии$eМетод. указания с кратким изложением курса для заочников пед. ин-тов$eЧ. 1-$fГл. упр. высш. учеб. заведений М-ва просвещения РСФСР. Науч.-метод. кабинет по заоч. обучению учителей$vЧ. 2 _99465493 _cМосква _d1947 _fГл. упр. высш. учеб. заведений М-ва просвещения РСФСР. Науч.-метод. кабинет по заоч. обучению учителей _nУчпедгиз _oМетод. указания с кратким изложением курса для заочников пед. ин-тов : Ч. 1- _tГистология с основами эмбриологии _vЧ. 2 |
|
| 606 |
_aОрганы (ч. 2) _2psbo |
||
| 801 | 0 |
_aRU _bNLR _gpsbo |
|
| 801 | 1 |
_aRU _bELAR _2rusmarc |
|
| 852 |
_aNLR _jЗ-02 Г-3/17 |
||
| 942 | _cBOOK | ||
| 980 | _aNB | ||